000 00199nam a22000977a 4500
999 _c15959
_d15959
003 OSt
008 191024b ||||| |||| 00| 0 eng d
100 _aPeter,K C.
_94431
245 _aSahara
942 _cBK